Chansons d'Alain Chamfort - Statistiques

Statistiques générales
  • Ce quiz a été pris 2 fois
  • Le résultat moyen est 25 sur 178
Statistiques - réponses
Album # Chanson % Correct
Amour année zéro 4 Amour année zéro
100%
Amour année zéro 1 Bambou
100%
Elles et lui 2 Bambou
100%
Symphonique Dandy 10 Bambou
100%
Tendres fièvres 1 La fièvre dans le sang
100%
Elles et lui 9 La fièvre dans le sang
100%
Symphonique Dandy 6 La fièvre dans le sang
100%
Poses 1 Manureva
100%
Elles et lui 1 Manureva
100%
Symphonique Dandy 13 Manureva
100%
Mariage à l'essai 1 Mariage à l'essai
100%
Rock'n rose 7 Rock'n rose
100%
L'Impermanence 6 À l'aune
50%
L'Impermanence 5 Altiplano
50%
Neuf 9 Clara veut la lune
50%
Elles et lui 7 Clara veut la lune
50%
L'Impermanence 7 En beauté
50%
Poses 7 Géant
50%
Elles et lui 8 Géant
50%
Symphonique Dandy 7 Géant
50%
L'Impermanence 11 La grâce
50%
L'Impermanence 1 L'Apocalypse Heureuse
50%
Neuf 1 L'ennemi dans la glace
50%
Elles et lui 6 L'ennemi dans la glace
50%
Symphonique Dandy 3 L'ennemi dans la glace
50%
Le Désordre des choses 1 Les microsillons
50%
Symphonique Dandy 16 Les microsillons
50%
L'Impermanence 9 L'Impermanence
50%
Une vie Saint Laurent 12 Majorelle
50%
Poses 3 Palais Royal
50%
Elles et lui 11 Palais royal
50%
Symphonique Dandy 5 Palais Royal
50%
Rock'n rose 6 Sparadrap
50%
Le Désordre des choses 4 Tout est pop
50%
L'Impermanence 10 Tout s'arrange à la fin
50%
L'Impermanence 3 Vanité vanité
50%
L'Impermanence 8 Whisky Glace
50%
Secrets glacés 3 7 amazones
0%
Une vie Saint Laurent 16 Adieu Monsieur Saint-Laurent
0%
Une vie Saint Laurent 2 À la droite de Dior
0%
Mariage à l'essai 3 À quelques heures de Nancy
0%
Alain Chamfort 5 Argentine
0%
Personne n'est parfait 3 Aucune différence
0%
Une vie Saint Laurent 11 Avenue Marceau
0%
Amour année zéro 9 Baby boum
0%
Rock'n rose 2 Baby Lou
0%
Poses 8 Bébé polaroïd
0%
Poses 6 Béguine
0%
Neuf 7 Bon anniversaire
0%
Secrets glacés 4 Bons baisers d'ici
0%
Secrets glacés 1 Cap aux Antilles
0%
Trouble 3 Ce ne sera pas moi
0%
Personne n'est parfait 12 Ce n'est que moi
0%
Symphonique Dandy 1 Ce n'est que moi
0%
Personne n'est parfait 10 Ce piano est à vendre
0%
Le Plaisir 4 Charmant petit monstre
0%
Amour année zéro 3 Chasseur d'ivoire
0%
Symphonique Dandy 9 Chasseur d'ivoire
0%
Mariage à l'essai 7 Comme si c'était hier
0%
Alain Chamfort 7 Concours de circonstances
0%
Personne n'est parfait 1 Contre l'amour
0%
L'Impermanence 2 Dans mes yeux
0%
Tendres fièvres 2 Déchaîne-moi
0%
Poses 2 Démodé
0%
Alain Chamfort 1 Deux poignards bleus
0%
Rock'n rose 4 Disc-jockey
0%
Le Désordre des choses 5 En attendant
0%
Le Désordre des choses 7 En regardant la mer
0%
Symphonique Dandy 12 En regardant la mer
0%
Alain Chamfort 2 Ensemble
0%
Le Plaisir 11 Entre cafard et bourdon
0%
Le Désordre des choses 3 Exister
0%
Symphonique Dandy 2 Exister
0%
Le Plaisir 13 Fuyons
0%
Trouble 2 Gare de l'est
0%
Alain Chamfort 8 Jamais je t'aime
0%
Tendres fièvres 9 Je laisse couler
0%
Tendres fièvres 5 J'entends tout
0%
Neuf 8 J'entends tout
0%
Symphonique Dandy 4 J'entends tout
0%
Amour année zéro 5 Jet society
0%
Rock'n rose 1 Joujou à la casse
0%
Alain Chamfort 4 Joy
0%
Le Plaisir 8 Juste avant l'amour
0%
Mariage à l'essai 8 La croisière
0%
Mariage à l'essai 6 La danse c'est naturel
0%
Trouble 9 La femme de ma vie
0%
Amour année zéro 8 Laide, jolie, laide
0%
Secrets glacés 2 La licorne appareille
0%
Neuf 2 La mélodie du malheur
0%
Tendres fièvres 4 L'amour est une bombe
0%
Alain Chamfort 3 L’amour n’est pas un sport individuel
0%
Trouble 8 L'amour samplé
0%
Mariage à l'essai 9 L'amour tsé tsé
0%
Mariage à l'essai 5 La musique se lève à l'ouest
0%
Personne n'est parfait 11 La plainte du blessé léger
0%
Le Plaisir 3 La saison des pleurs
0%
Le Désordre des choses 2 Le désordre des choses
0%
Symphonique Dandy 11 Le désordre des choses
0%
Alain Chamfort 11 Le diable est une blonde
0%
Le Plaisir 1 Le grand retour
0%
Une vie Saint Laurent 4 Le Jeune Homme au balcon
0%
Une vie Saint Laurent 13 Le Marketing la Poésie
0%
Tendres fièvres 3 Le plus grand chapiteau
0%
Le Plaisir 9 Les amies de Mélanie
0%
Le Plaisir 7 Les beaux yeux de Laure
0%
Elles et lui 10 Les beaux yeux de Laure
0%
Une vie Saint Laurent 3 Les Clochettes blanches
0%
Une vie Saint Laurent 7 Les deux ne font qu’un
0%
Secrets glacés 8 Les jours de moisson
0%
Personne n'est parfait 8 Les majorettes
0%
Une vie Saint Laurent 10 Les Muses
0%
Neuf 4 Les paroles dans le vide
0%
Le Désordre des choses 6 Les salamandres
0%
Symphonique Dandy 14 Les salamandres
0%
Le Plaisir 5 Les spécialistes
0%
Neuf 10 Les violons n'étant plus ce qu'ils sont
0%
Symphonique Dandy 15 Le temps qui court
0%
Poses 5 Let me try it again
0%
Rock'n rose 9 Le vide au cœur
0%
Neuf 3 L'homme qui te veut du bien
0%
Le Plaisir 2 L'hôtel des insomnies
0%
Le Plaisir 10 Lili Shanghaï
0%
Secrets glacés 6 L'infidèle
0%
Le Désordre des choses 10 Linoleum
0%
Trouble 5 Lisa rougit
0%
Le Plaisir 12 Love is a gift
0%
Rock'n rose 8 Lucette et Lucie
0%
Mariage à l'essai 4 Lucile
0%
Personne n'est parfait 4 Ma faiblesse est la plus forte
0%
Mariage à l'essai 2 Maître martin
0%
Amour année zéro 7 Malaise en Malaisie
0%
Elles et lui 4 Malaise en Malaisie
0%
Trouble 4 Mama gri-gri
0%
Neuf 5 Mens
0%
Trouble 10 Noctambule
0%
Personne n'est parfait 9 Notre histoire
0%
Une vie Saint Laurent 15 On dit
0%
Alain Chamfort 6 On meurt
0%
Une vie Saint Laurent 1 Oran
0%
Alain Chamfort 10 Où es-tu ?
0%
Le Désordre des choses 9 Palmyre
0%
Amour année zéro 6 Paradis
0%
Elles et lui 12 Paradis
0%
L'Impermanence 4 Par inadvertance
0%
Une vie Saint Laurent 5 Pas de guitare
0%
Secrets glacés 9 Passif imparfait
0%
Trouble 7 Personne n'aime personne
0%
Symphonique Dandy 17 Personne n'aime personne
0%
Tendres fièvres 6 Pin-ups
0%
Personne n'est parfait 7 Plus douce sera la chute
0%
Amour année zéro 2 Poupée, poupée
0%
Une vie Saint Laurent 9 Prêt-à-porter
0%
Rock'n rose 3 Privé
0%
Alain Chamfort 9 Puis-je vous offrir ?
0%
Une vie Saint Laurent 14 Quand on a tout connu
0%
Neuf 6 Quand vas-tu te décider à me décevoir ?
0%
Neuf 11 Que ce soit clair
0%
Personne n'est parfait 2 Qu'est-ce que t'as fait d'mes idées noires ?
0%
Secrets glacés 10 Rendez-vous
0%
Tendres fièvres 7 Revenir avec vous
0%
Le Désordre des choses 8 Sans haine ni violence
0%
Trouble 6 Sapho et Sophie
0%
Le Plaisir 6 Sinatra
0%
Symphonique Dandy 8 Sinatra
0%
Personne n'est parfait 6 Si tu t'en allais
0%
Une vie Saint Laurent 8 Smoking or no smoking
0%
Secrets glacés 5 Sorcier
0%
Trouble 1 Souris puisque c'est grave
0%
Elles et lui 5 Souris puisque c'est grave
0%
Rock'n rose 5 Tennisman
0%
Personne n'est parfait 5 Tombouctou
0%
Poses 4 Toute la ville en parle
0%
Tendres fièvres 8 Traces de toi
0%
Elles et lui 3 Traces de toi
0%
Une vie Saint Laurent 6 Une étoile qui tombe
0%
Mariage à l'essai 10 Une suite heureuse
0%
Secrets glacés 7 Volatile
0%
Aucun quiz correspondant
Distribution des résultats
% des personnes avec chaque résultat
Percentile par nombre de réponses
Votre historique - résultats
Vous n’avez pas pris ce quiz